Presidents of the United States True/False Quiz - Statistics

General Stats
  • This quiz has been taken 567 times
  • The average score is 27 of 40
Answer Stats
Question Tile Select % Correct
Every president has lived in the White House. False Yes
96%
Every president has lived in the White House. True No
96%
There has never been a president to serve two nonconsecutive terms. False Yes
92%
Every president has been married. False Yes
91%
There has never been a president to serve two nonconsecutive terms. True No
91%
There has never been a president to serve more than two terms. False Yes
90%
Every president has been married. True No
90%
There has never been a president to serve more than two terms. True No
89%
Every president has had a middle name. False Yes
86%
Every president has had a middle name. True No
85%
George Washington did not have a political party. True Yes
83%
There has been a president from each of the original 13 colonies. False Yes
82%
George Washington did not have a political party. False No
81%
There has been a president from each of the original 13 colonies. True No
81%
At least two presidents have had alliterative initials (i.e. AA, BB, CC…). True Yes
80%
At least two presidents have had alliterative initials (i.e. AA, BB, CC…). False No
79%
The most common names for presidents is “James”. False No
76%
The most common names for presidents is “James”. True Yes
76%
There have been at least four families having multiple presidents (i.e. more than one person from a family has assumed the presidency). True Yes
75%
There have been at least four families having multiple presidents (i.e. more than one person from a family has assumed the presidency). False No
74%
There have been at least seven different presidents from Ohio. False No
71%
There have been at least seven different presidents from Ohio. True Yes
71%
Andrew Jackson was the first president to represent the Democratic Party. True Yes
70%
Andrew Jackson was the first president to represent the Democratic Party. False No
68%
There have been the most presidents from Virginia. True Yes
68%
There have been the most presidents from Virginia. False No
65%
Donald Trump was the only president to never be previously elected to the public office before assuming the presidency. False Yes
64%
Donald Trump was the only president to never be previously elected to the public office before assuming the presidency. True No
61%
Andrew Johnson was the second president to represent the Republican Party, after Abraham Lincoln. False Yes
56%
Andrew Johnson was the second president to represent the Republican Party, after Abraham Lincoln. True No
54%
There have historically been more Democratic presidents than Republican presidents. False Yes
51%
There have historically been more Democratic presidents than Republican presidents. True No
50%
The only family to have both their family members represent the same political party was the Bush family. True Yes
42%
Historically there has been only one president from the Antifederalist Party. False Yes
41%
The only family to have both their family members represent the same political party was the Bush family. False No
41%
Historically there has been only one president from the Antifederalist Party. True No
40%
Historically there have been the same amount of presidents from the Democratic-Republican Party as the Whig Party. True Yes
36%
Historically there have been the same amount of presidents from the Democratic-Republican Party as the Whig Party. False No
35%
Zachary Taylor was the last president to represent the Whig Party. False Yes
23%
Zachary Taylor was the last president to represent the Whig Party. True No
21%
No matching quizzes found
Score Distribution
Percent of People with Each Score
Percentile by Number Answered
Your Score History
You have not taken this quiz